Cuadernos de un delfín /

Guardado en:
Autor Principal: Bornemann, Elsa.
Otros Autores: Sedran, Sara ; il.
Formato: Libro
Publicado: Buenos Aires : Alfaguara, 2005
Edición:2a. ed.
Series:Alfaguara Juvenil
Materias:
Etiquetas: Agregar Etiqueta
Sin Etiquetas, Sea el primero en etiquetar este registro!
LEADER 00981nam a22002655a 4500
001 CEM.cems013832
008 130507s2005##################000#0#####d
005 20230919092058.0
245 1 0 |a Cuadernos de un delfín /  |c Elsa Bornemann ; ilustraciones de Sara Sedran. 
250 |a 2a. ed. 
260 |a Buenos Aires :  |b Alfaguara,  |c 2005 
300 |a 125 p. 
490 0 |a Alfaguara Juvenil 
020 |a 9870400477 
100 1 |a Bornemann, Elsa. 
700 1 |a Sedran, Sara ; il. 
082 0 4 |a A868.4 
653 |a Literatura argentina 
653 |a Literatura juvenil 
653 |a Novela 
859 |a CEMS  |b BIB. CEMS - Inicial y Primaria  |h A863.4  |i B645  |k IP  |p 1524  |t Ej.1 
859 |a CEMS  |b BIB. CEMS - 11 de abril  |h A868.4  |i B645-9  |p 26623.13  |t Ej.1 
859 |a CEMS  |b BIB. CEMS - Inicial y Primaria  |h A863.4  |i B645  |k IP  |p A863.4  |t Ej.2 
859 |a CEMS  |b BIB. CEMS - Inicial y Primaria  |h A863.4  |i B645  |k IP  |p 2066  |t Ej.3 
859 |a CEMS  |b BIB. CEMS - Inicial y Primaria  |h A863.4  |i B645  |k IP  |p 6125  |t Ej.4